Jazyk v diplomatickom styku

Príspevok charakterizuje jazyk diplomacie v súčasnosti z pohľadu rozvoja medzinárodných vzťahov a medziľudských kontaktov. Upriamuje pozornosť na základné parametre jazyka diplomacie a poukazuje na ťažkosti pri jeho zadefinovaní. Ďalšia časť príspevku je venovaná diskusii o podstate diplomacie, jej...

Descrizione completa

Salvato in:
Dettagli Bibliografici
Autore principale: Adamcová, Silvia, 1984-
Natura: Capitolo di libro
Lingua:slovacco
Soggetti:
Tags: Aggiungi Tag
Nessun Tag, puoi essere il primo ad aggiungerne!!

MARC

LEADER 00000nla a2200000 4500
001 0175782
005 20240502073011.7
041 0 |a slo 
044 |a SK 
245 1 0 |a Jazyk v diplomatickom styku  |c Silvia Adamcová 
520 |a Príspevok charakterizuje jazyk diplomacie v súčasnosti z pohľadu rozvoja medzinárodných vzťahov a medziľudských kontaktov. Upriamuje pozornosť na základné parametre jazyka diplomacie a poukazuje na ťažkosti pri jeho zadefinovaní. Ďalšia časť príspevku je venovaná diskusii o podstate diplomacie, jej vzniku a vývinu, ako aj jej významu v súčasnom globalizovanom svete. 
610 2 0 |a jazyky cudzie 
610 2 0 |a diplomacia 
610 2 0 |a komunikácia 
610 2 0 |a štylistika 
610 2 0 |a rétorika 
100 1 |a Adamcová, Silvia, 1984-